000 00818nam a2200217Ia 4500
001 14740
005 20260319174111.0
008 260306t2017||||xx |||||||||||||| ||spa||
041 _aESP
082 _a518
_bB94
100 _aBurden, Richard L.
_eAUT
245 0 _aAnálisis numérico
260 _c2017
300 _axii : 579 páginas :
_c27 cm.
650 _aGEN
654 _aCII
856 _uhttps://itmsp.museknowledge.com/UCSP?url=https://www.ebooks7-24.com:443/?il=4202&pg=1
_zVersión digital
856 _uhttps://0u213t85w-y-https-ebooks7--24-com.itmsp.museknowledge.com/biblioteca.aspx
_zVéase además: Base de datos Ebook7-24
856 _uhttps://0u20ft85z-y-https-research-ebsco-com.itmsp.museknowledge.com/c/qxo6us/search
_zVéase además: Base de datos EBSCOhost
942 _cLIB
_dJUS
_fJUS
_2ddc
999 _c14740
_d14740